000 01597nam0a2200349 4500
001 RU\NLR\bibl\1344505
005 20250615171635.0
010 _a5-7082-0285-8
_91000
021 _aRU
_b2009-3597
_9196
035 _a(nilc)RSL-KNO-004238738
035 _a(NLR Aleph) 001329646
090 _a792163
_c792163
100 _a20090225d2008 |||y0rusy50 ca
101 0 _arus
102 _aRU
105 _ay |||||||||
200 1 _aОчко. 21 смешной рассказ
_fИгорь Гудзь
210 _aМосква
_cНовый ключ
_d2008
215 _a246, [1] с.
_d21
327 0 _aСодерж.: Поединок; По грибы; СВ; Откат; Ужин; Права; Туда и туда; Басист; Восемь; Африка [и др.]
517 0 _a21 смешной рассказ
610 0 _aФилологические науки. Художественная литература -- Российская Федерация -- Русская литература -- с сер. 50-х гг. 20 в. -- Произведения художественной литературы -- Сатира и юмор -- Сатирические и юмористические романы, повести, рассказы
686 _aШ5(2=Р)75-674.4
_2rubbk
686 _aШ6(2=Р)75-744.05
700 1 _aГудзь
_bИ. В.
_gИгорь Владимирович
_4070
801 0 _aRU
_bРКП
_c20090225
_grcr
801 1 _aRU
_bРГБ
_c20090225
801 2 _aRU
_bNLR
_c20090323
_grcr
942 _cBOOK
980 _aNB